Harry Potter Creatures Quiz Stats

 Plays Quiz Updated Sep 2, 2012

Challenge
Share
Tweet
Score 0/20 Timer 04:00
9 Plays Today
# Creature % Correct
4Ghost
97.4%
20House Elf
96%
12Kneazle
94.5%
2Boarhound
94.4%
3Troll
94%
10Phoenix
93.2%
14Snake
93.1%
17Werewolf
92.7%
1Hippogriff
91.9%
11Goblin
90.5%
# Creature % Correct
19Dragon
89.2%
5Merperson
87.1%
9Centaur
86.5%
8Dementor
85.8%
18Basilisk
83.7%
6Acromantula
79%
15Cornish Pixie
76.6%
7Leprechaun
67.7%
13Thestral
57.5%
16Grindylow
36.4%

You're not logged in!

Compare scores with friends on all Sporcle quizzes.
Join for Free
OR
Log In

You Might Also Like...

Show Comments

Extras

Top Quizzes Today


Score Distribution

Your Account Isn't Verified!

In order to create a playlist on Sporcle, you need to verify the email address you used during registration. Go to your Sporcle Settings to finish the process.

Report this User

Report this user for behavior that violates our Community Guidelines.

Details: